Rozhodnutia o finančnej architektúre nemecký kancelár Schröder je presvedčený o úspešnosti samitu G 8

Bibliographic Details
Main Author: Tisovič, Ferdinand (Author)
Format: Article
Language:Slovak
Subjects:

MARC

LEADER 00000nab a2200000 a 4500
001 vtls000692097
003 SK-MaSNL
005 20260302180245.0
008 180206c1999 xo 0 slo
015 |a SNBRB1999/06-14597 
035 |a CLN000044264 
040 |a SNKBUCL  |b slo  |c SNKBUCL  |e AACR2 
041 0 |a slo 
044 |a xo  |c SK 
080 |a 327(100):061.3  |2 UDC-MRF-SK2 
100 1 |a Tisovič, Ferdinand  |4 aut  |9 5331 
245 1 0 |a Rozhodnutia o finančnej architektúre  |b nemecký kancelár Schröder je presvedčený o úspešnosti samitu G 8  |c Ferdinand Tisovič 
610 7 |a G 8  |x summit  |y 18.-20.6.1999  |2 snkbucl  |9 889042 
655 7 |a články z novín a časopisov  |2 snkbucl  |9 267496 
773 0 |t Slovenská republika  |g Roč. 7, č. 142 (22.6.1999), s. 6 
850 |a Slovenská národná knižnica v Martine 
852 |a SNK  |b KIS3GCP 
958 |a RBX 
999 |c 1409986  |d 1411916